00291nam a2200133Ia 45000030006000000080041000060400015000471000026000622450020000882500011001082600009001195460012001280050017001400STCL150530s9999 xx 000 0 und d aSTCLcSTCL aAlfred Sherwood Romer aVertibrate body aSecond c1959 aEnglish20220125170324.0